Využitie internetu a sociálnych sietí v medzinárodnom riadení ľudských zdrojov a na riadenie personálneho rizika

Príspevok sa zameriava na využívanie sociálnych sietí na personálnu prácu a riadenie ľudských zdrojov vo firmách v medzinárodnom prostredí ako súčasť jej politiky riadenia ľudských zdrojov ako i na identifikáciu s tým spojených rizík, ktoré sú tak na strane firmy ako i na strane pracovnej sily.

Saved in:
Bibliographic Details
Main Author: Jamborová, Erika Mária
Format: Book Chapter
Language:Slovak
Subjects:
Tags: Add Tag
No Tags, Be the first to tag this record!

MARC

LEADER 00000nla a2200000 4500
001 0163147
005 20240502072829.4
041 0 |a slo 
044 |a SK 
245 1 0 |a Využitie internetu a sociálnych sietí v medzinárodnom riadení ľudských zdrojov a na riadenie personálneho rizika  |c Erika Mária Jamborová 
520 |a Príspevok sa zameriava na využívanie sociálnych sietí na personálnu prácu a riadenie ľudských zdrojov vo firmách v medzinárodnom prostredí ako súčasť jej politiky riadenia ľudských zdrojov ako i na identifikáciu s tým spojených rizík, ktoré sú tak na strane firmy ako i na strane pracovnej sily. 
610 2 0 |a firmy 
610 2 0 |a práca personálna 
610 2 0 |a riadenie ľudských zdrojov 
610 2 0 |a siete sociálne 
100 1 |a Jamborová, Erika Mária